Central Library OPAC University of Rajshahi

বঙ্গ-প্রসঙ্গ / (Record no. 54317)

MARC details
000 -LEADER
fixed length control field 00916nam a2200229 a 4500
001 - CONTROL NUMBER
control field 54317
003 - CONTROL NUMBER IDENTIFIER
rucl marc code BD-RjUL
005 - DATE AND TIME OF LATEST TRANSACTION
control field 20211209080113.0
008 - FIXED-LENGTH DATA ELEMENTS--GENERAL INFORMATION
fixed length control field 161105s1987 bg ||||| |||| 00| 0 ben d
020 ## - INTERNATIONAL STANDARD BOOK NUMBER
Terms of availability : TK 25.00
035 ## - SYSTEM CONTROL NUMBER
System control number (BD-RjUL)54439
040 ## - CATALOGING SOURCE
Original cataloging agency BD-RjUL
Language of cataloging ben
Transcribing agency BD-RjUL
041 ## - LANGUAGE CODE
Language code of text/sound track or separate title ben
082 ## - DEWEY DECIMAL CLASSIFICATION NUMBER
Edition number 23
Classification number 491.4409
Author mark and year BAB 1987
100 ## - MAIN ENTRY--PERSONAL NAME
Personal name বন্দ্যোপাধ্যায়, চিত্তরঞ্জন
9 (RLIN) 123951
245 10 - TITLE STATEMENT
Title বঙ্গ-প্রসঙ্গ /
Statement of responsibility, etc. চিত্তরঞ্জন বন্দ্যোপাধ্যায়
260 ## - PUBLICATION, DISTRIBUTION, ETC. (IMPRINT)
Place of publication, distribution, etc. কলিকাতা :
Name of publisher, distributor, etc. পুস্তক বিপনী,
Date of publication, distribution, etc. ১৯৮৭
300 ## - PHYSICAL DESCRIPTION
Pagination ১৫২ পৃ. ;
Size ২১ সেমি.
650 ## - SUBJECT ADDED ENTRY--TOPICAL TERM
Topical term or geographic name as entry element বাংলা ভাষা
General subdivision ইতিহাস ও সমালোচনা
9 (RLIN) 123477
Topical term or geographic name as entry element Bengali Language
General subdivision History & Criticism
9 (RLIN) 126541
942 ## - ADDED ENTRY ELEMENTS (KOHA)
Source of classification or shelving scheme Dewey Decimal Classification
Koha item type Books
Holdings
Lost status Source of classification or shelving scheme Damaged status Not for loan Collection code Permanent Location Current Location Shelving location Date acquired Source of acquisition Cost, normal purchase price Total Checkouts Full call number Date last seen Copy number Koha item type
  Dewey Decimal Classification     Non-fiction Central Library, University of Rajshahi Central Library, University of Rajshahi Electronic Books 22/12/1996 ankur 25.00   B 491.4409 BAB 1987 05/11/2016 C-2 Books
  Dewey Decimal Classification   Not For Loan Non-fiction Central Library, University of Rajshahi Central Library, University of Rajshahi Rare Book Section 19/05/1990 Uttarbanga library 95.00   B 491.4409 BAB 1987 01/03/2017 C-1 Books